00563nam a22001817a 450000500170000001000150001702000260003203500130005803700130007108200130008424501160009726000390021327000450025230000270029750000190032470000170034370000210036020100814123337.0 aENG-100355 a9788184245394c250.00 aEN-83887 bDBAD/PUB a669.1405 aAdvanes in the theory of ironmaking and steelmaking :bATIS 2009 /cedited by G. S. Gupta [and] M. R. Lollchund aNew DelhibAllied Publishersc2009 a1/13-14 Asaf Ali RoadbNew Delhie110002 axii, 508p.c28cm (pbk) aIncludes index aGupta, G. S. aLollchund, M. R.